MAASAI MARA UNIVERSITY

LIBRARY CATALOGUE

Contact Us: +254 020 2685356/7 or 0774 057787

Box: 861-20500, NAROK, KENYA

Email: info@mmarau.ac.ke

A structured approach to systems testing / (Record no. 23211)

MARC details
000 -LEADER
fixed length control field 00910pam a2200277 a 4500
001 - CONTROL NUMBER
control field 2350786
003 - CONTROL NUMBER IDENTIFIER
control field OSt
005 - DATE AND TIME OF LATEST TRANSACTION
control field 20170518102816.0
008 - FIXED-LENGTH DATA ELEMENTS--GENERAL INFORMATION
fixed length control field 830725r19831983njua b 000 0 eng
010 ## - LIBRARY OF CONGRESS CONTROL NUMBER
LC control number 83016071
020 ## - INTERNATIONAL STANDARD BOOK NUMBER
International Standard Book Number 0138543739
040 ## - CATALOGING SOURCE
Original cataloging agency MMU
Transcribing agency MMU
Modifying agency MMU
Language of cataloging eng
050 10 - LIBRARY OF CONGRESS CALL NUMBER
Classification number QA76.6
Item number .P468 1983
082 00 - DEWEY DECIMAL CLASSIFICATION NUMBER
Classification number 001.64/2/0287
Edition number 19
100 1# - MAIN ENTRY--PERSONAL NAME
Personal name Perry, William E.
245 12 - TITLE STATEMENT
Title A structured approach to systems testing /
Statement of responsibility, etc. William E. Perry.
260 ## - PUBLICATION, DISTRIBUTION, ETC. (IMPRINT)
Place of publication, distribution, etc. Englewood Cliffs, N.J. :
Name of publisher, distributor, etc. Prentice-Hall,
Date of publication, distribution, etc. c1983.
300 ## - PHYSICAL DESCRIPTION
Extent 451 p. :
Other physical details ill. ;
Dimensions 29 cm.
440 #4 - SERIES STATEMENT/ADDED ENTRY--TITLE
Title The QED series
500 ## - GENERAL NOTE
General note Reprint. Originally published: Wellesley, Mass. : QED Information Sciences, c1983.
504 ## - BIBLIOGRAPHY, ETC. NOTE
Bibliography, etc Bibliography: p. 448-451.
650 #0 - SUBJECT ADDED ENTRY--TOPICAL TERM
Topical term or geographic name as entry element Computer programs
General subdivision Testing.
650 #0 - SUBJECT ADDED ENTRY--TOPICAL TERM
Topical term or geographic name as entry element Electronic digital computers
General subdivision Testing.
906 ## - LOCAL DATA ELEMENT F, LDF (RLIN)
a 7
b cbc
c orignew
d 1
e ocip
f 19
g y-gencatlg
942 ## - ADDED ENTRY ELEMENTS (KOHA)
Source of classification or shelving scheme Library of Congress Classification
Koha item type L

No items available.

© 2016 Maasai Mara University.